Tüketim ve değerler (Record no. 9907)

MARC details
000 -BAŞLIK
Sabit Uzunlukta Kontrol Alanı 00723na a2200253 4500
001 - KONTROL NUMARASI
Denetim Alanı 23194
003 - KONTROL NUMARASI IDENTIFIER
Denetim Alanı MIRAKIL
005 - SON İŞLEM TARİHİ VE ZAMANI
Denetim Alanı 20181213155301.0
008 - SABİT-BOY VERİ ELEMANLARI - GENEL BİLGİLER
Sabit Uzunlukta Kontrol Alanı 170807b tu 000 0
020 ## - ULUSLARARASI STANDART KİTAP NUMARASI
Uluslararası Standart Kitap Numarası 9789944606479
040 ## - KATALOGLAMA KAYNAK
Orijinal Kataloglama Ajansı Milas
Kataloglama Dili tur
Metne Dönüştürmek Ajansı TR-AnCHP
041 ## - DİL KODU
Metin / Ses Parça Veya Ayrı Başlığın Dil Kodu tur
110 ## - ANA GİRİŞ - KURUMSAL ADI
Giriş Elemanı Olarak Kurumsal Ad Veya Yargı Alanı Adı İstanbul Ticaret Odası (İTO)
245 ## - BAŞLIK TABLOSU
Başlık Tüketim ve değerler
Sorumluluk Tablosu, Vb Editör Recep Şentürk; proje yönetmeni Faruk Yazar
260 ## - YAYIN, DAĞITIM, VB
Yayın, Dağıtım, Vb Yeri İstanbul
Yayıncı, Dağıtıcı, Vs Adı İstanbul Ticaret Odası (İTO)
Yayın, Dağıtım, Vb Tarihi 2010
300 ## - FİZİKSEL TANIM
Kapsam 240 s.
440 ## - SERİSİ TABLOSU / KATMA GİRİŞİ - BAŞLIK
Başlık İstanbul Ticaret Odası
Hacim / Ardışık Tanımı 2010-32
500 ## - GENEL NOT
Genel Not GEÇİCİ KATALOG KAYDIDIR.
504 ## - KAYNAKÇA VB NOT
Kaynakça Vb Notu Kaynakça var.
700 ## - KATMA GİRİŞ - KİŞİSEL İSİM
Kişisel Ad Yazar, Faruk
700 ## - KATMA GİRİŞ - KİŞİSEL İSİM
Kişisel Ad Şentürk, Recep
942 ## - EKLENDİ GİRİŞ ELEMANLARI (KOHA)
Sınıflandırma Veya Raf Düzeni Kaynak Dewey Decimal Classification
Koha Öğesi Türü Books
999 ## - SİSTEM KONTROL NUMARALARI (KOHA)
Koha Biblionumber 9907
Koha Biblioitemnumber 9907
Holdings
Kalıcı Konum Mevcut Konum Edinme Tarihi Edinim Kaynak Toplam Check-Out'Lar Barkod Tarih Son Görülme İtibaren Geçerli Fiyatlar Koha Öğesi Türü
CHP Kütüphanesi CHP Kütüphanesi 08/07/2017 Bağış   017173 08/07/2017 08/07/2017 Books